| 000 | 00660nam a22001937a 4500 | ||
|---|---|---|---|
| 999 |
_c175699 _d175699 |
||
| 005 | 20200916125331.0 | ||
| 010 | _aUR-10864 | ||
| 020 |
_c350.00 _a9789389733655 |
||
| 035 | _aU-9419 | ||
| 037 | _bDBAD/PUB | ||
| 082 | _a808.88 | ||
| 100 | _aحما د ا نجم | ||
| 245 |
_aمقا لا ت حما د ا نجم _cحما د ا نجم |
||
| 246 |
_bMaqalat-E-Hammad Anjum (Urdu) _aby Hammad Anjum |
||
| 260 |
_aN.Delhi _bEducational Publishing House _c2020 ء |
||
| 270 |
_aH.O.D1/16,Ansari Road,Darya ganj, _bN.Delhi _e110002 _k45678285,23216162 _l0091-11-23211540 |
||
| 300 |
_a447 ص _c22 Cm(Hb) |
||
| 942 |
_2ddc _cUR _h808.88 _mا ن ج |
||